000 00540cam a2200193ua 4500
001 495
005 20260515113155.0
008 110407n ii |||gr||||Z||||||eng
040 _cMAIN
082 _a320.944
245 1 _aFrench goverment and politics :
_b(1789-1961)(Third, fourth & fifth republics) /
_cby Jyoti prasad Suda
250 _a1st.
260 _aMeerut:
_bJai prakash nath 7 co. ,962.
300 _a244p:
_c20cm.
653 _aPolitical science
653 _afrench
700 _aSuda, Jyoti Prasad.,
_eAuthor.
942 _cBK
999 _c435
_d435